000 01095cam a22003617a 4500
003 CHAP
005 20220817043448.0
008 980819d1995 it r 11 fre d
010 _a75905
011 _a76877
020 _a9252036032
035 _a86472
040 _cCHAP
082 0 4 _a630
_bF3f v.115
110 2 _aFAO
245 1 0 _aSélection, essai et évaluation de machines et équipements agricoles :
_bthéorie
_c/par F. M. Inns
260 _aRome :
_bFAO,
_c1995.
300 _a75 p.
410 _aFAO
490 0 _aFAO. Servicios agrícolas
_v; 115
590 _aBATCH-UPD
_b10
_c20130110
_lUCH01
_h0831
590 _aBATCH-UPD
_b10
_c20130410
_lUCH01
_h0509
590 _aBATCH-UPD
_b10
_c20130914
_lUCH01
_h1344
590 _aCONVERSION
_b10
_c20130109
_lUCH01
_h1342
650 1 4 _aMaquinaria agrícola.
_971151
700 0 _aInns, F. M.
_958834
810 0 _aFAO
830 0 0 _aFAO. Servicios agrícolas
_v; 115
_939697
901 _aBK
905 _aLilia Sánchez G.
942 _cLIBRO
949 _a630 F3f v.115
_bBC
_cFAO
_d33724000698403
_eFAO1
_h93591
_i86472
_kDonaciØn
_sb
999 _c75905
_d75905